000 00834nam a2200253 4500
001 3130959
005 19720207000000.0
008 710128s1972nyu |db 001 0 eng d
010 _a 71169016
020 _a0070112398
040 _aDLC
_cDLC
_dDLC
050 0 0 _aU21.2
_b.C53 1971b
082 0 0 _a355.02
_222
_bCLA
100 1 _aClarke, Robin.
_910635
245 1 4 _aThe science of War and Peace/
_cRobin Clarke
260 _aNew York:
_bMcGraw-Hill, 1972
_c1972
300 _a335 p.;
_c24 cm.
500 _aDonated by: Alaa Abdel Ghany
500 _aIncludes index
504 _aBibliography: p. 320-335.
650 0 _aWar.
_910636
942 _2ddc
_cBB
999 _c13202
_d13202